01845nam a2200493 i 450000100060000000300080000600500170001400600190003100700150005000800410006502000270010602000180013303500230015103500240017403500250019803500210022304000310024405000230027508000070029808200150030510000280032024501190034826400290046730000410049633600310053733700330056833800430060149000250064450000220066950400280069158801290071959001640084865000280101265000310104065000340107165000290110565000330113465000330116765500270120079700190122783000260124685600620127299900170133438363FlNmELB20241216221556.0m o d | cr cnu||||||||140910s2014 sp ob 001 0 spa d a9788490641217 (e-book) z9788490640357 a(MiAaPQ)EBC3221967 a(Au-PeEL)EBL3221967 a(CaPaEBR)ebr10902602 a(OCoLC)992081559 aFINmELBbspaerdacFINmELB 4aLB1043b.G366 2014 a370 a371.332231 aGifreu Castells, Arnau.13aEl documental interactivo :bevolución, caracterización y perspectivas de desarrollo /cArnau Gifreu Castells. 1aBarcelona :bUOC,c2014. a1 recurso en línea (255 páginas) atextobtxt2rdacontent/spa acomputadorabc2rdamedia/spa arecurso en líneabcr2rdacarrier/spa1 aComunicación ;v33 aIncluye índice. aIncluye bibliografía. aDescripción basada en recurso en línea; Título de la página del título en PDF (e-libro, visto September 10, 2014). aRecurso electrónico. Santa Fe, Arg.: e-libro, 2015. Disponible vía World Wide Web. El acceso puede estar limitado para las bibliotecas afiliadas a e-libro. 0aAudio-visual education. 0aTechnological innovations. 0aMotion pictures in education. 4aEducación audiovisual. 4aInnovaciones tecnológicas. 4aDocumentales en educación. 4aLibros electrónicos.2 ae-libro, Corp. 0aComunicación ;v33.40uhttps://elibro.net/ereader/politecnicointernacional/57634 c38363d38363